Statystyki dla Czy znasz najlepszych grających piłkarzy według numeru?

Kliknij tutaj aby rozwiązać quiz!

Ogólne statystyki

  • Ten quiz został rozwiązany 191 razy
  • Średni wynik to 9 z 99

Statystyki odpowiedzi

HintOdpowiedź% Poprawnych
7Cristiano Ronaldo
97%
10Lionel Messi
97%
9Robert Lewandowski
85%
4Sergio Ramos
65%
77Gianluigi Buffon
42%
99Arkadiusz Milik
36%
8Andres Iniesta
33%
13Jan Oblak
32%
17Kevin De Bruyne
32%
11Mohammed Salah
32%
31Ederson
28%
12Marcelo
25%
18Jordi Alba
23%
5Raphaël Varane
23%
66Trent Alexander-Arnold
22%
2Daniel Carvajal
21%
27David Alaba
20%
6Paul Pogba
20%
3Giorgio Chiellini
18%
26Lukasz Piszczek
17%
20Bernardo Silva
16%
32Joshua Kimmich
16%
25Thomas Müller
15%
14Casemiro
14%
21David Silva
14%
15Mats Hummels
12%
64Ivanildo Fernandes
9%
1Alisson Becker
8%
22Francisco Román Alarcón Suárez
8%
45Mario Balotelli
8%
23Samuel Umtiti
8%
19Leonardo Bonucci
7%
69Bartłomiej Dragowski
6%
29Kai Havertz
5%
24Christian Eriksen
4%
28Axel Witsel
2%
41Declan Rice
2%
16James Rodríguez
2%
37Milan Skriniar
2%
30Nicolás Otamendi
2%
87Antonio Candreva
1%
53Brandon Williams
1%
50Eric García
1%
79Franck Kessié
1%
34Granit Xhaka
1%
72Josip Ilicic
1%
38Karim Bellarabi
1%
44Konstantinos Manolas
1%
43Mateusz Klich
1%
42Nabil Bentaleb
1%
68Ricardo Rodríguez
1%
49Ryan Babel
1%
94Talisca
1%
80Wilfried Bony
1%
89Yannick Bolasie
1%
92Adama Soumaoro
0%
98Aleksandr Maksimenko
0%
59Aleksey Miranchuk
0%
95Alessandro Bastoni
0%
56Alexis Saelemaekers
0%
81Alfred N'Diaye
0%
83Antonio Mirante
0%
96Carlos Eduardo
0%
48Curtis Jones
0%
74Daniil Fomin
0%
93Diego Laxalt
0%
91Duván Zapata
0%
54Emre Kilinc
0%
78Erick Pulgar
0%
97Ferro
0%
61Florentino
0%
67Fraser Forster
0%
70Henry Onyekuru
0%
35Igor Akinfeev
0%
76Jean-Armel Kana-Biyik
0%
51Ki-Jana Hoever
0%
73Manuel Locatelli
0%
57Marco Sportiello
0%
36Matteo Darmian
0%
46Matteo Gabbia
0%
62Michael Murillo
0%
82Milan Borjan
0%
71Nemanja Nikolics
0%
33Nicolas N'Koulou
0%
58Othman El Kabir
0%
63Patrick Cutrone
0%
90Robin Olsen
0%
47Roman Zobnin
0%
39Salvatore Sirigu
0%
60Sambou Yatabaré
0%
75Thibault Moulin
0%
86Tiago Dantas
0%
88Tomás Rincón
0%
84Tomás Tavares
0%
52Tonny Vilhena
0%
40Tyrone Mings
0%
85Valon Behrami
0%
65Yasser Larouci
0%
55Yuto Nagatomo
0%

Rozkład punktacji

Percentyl według liczby udzielonych odpowiedzi

Procent ludzi z każdym wynikiem

Twoja historia wyników

Nie rozwiązałeś tego quizu